[Event "European Seniors Teams Ch."]
[Site "Olympus"]
[Date "2011.05.06"]
[Round "4"]
[Board "2"]
[White "Hoelzl, Franz"]
[Black "Tsomis, Dimitrios"]
[Result "1-0"]
[WhiteElo "2342"]
[BlackElo "2187"]
[PlyCount "57"]
[EventDate "2011.05.03"]
[EventType "team"]
[EventRounds "9"]
[EventCountry "GRE"]
[WhiteTeam "Austria"]
[BlackTeam "Greece"]

1.d4 Nf6 2.Nf3 e6 3.g3 c5 4.Bg2 Nc6 5.O-O d5 6.c4 dxc4 7.Qa4 Bd7 8.dxc5 Bxc5
9.Qxc4 Qb6 10.Nc3 Be7 11.Be3 Qb4 12.Qxb4 Nxb4 13.Nd4 Nbd5 14.Nxd5 Nxd5 15.Bxd5
exd5 16.Rac1 Bd6 17.Bf4 Ke7 18.Rc3 Bxf4 19.gxf4 Rhc8 20.Rg3 g6 21.Rd1 Rc5 22.Kg2
Rac8 23.Ra3 a6 24.Rb3 R8c7 25.h4 h5 26.Kg3 Ra5 27.a3 Rac5 28.Rb6 f6 29.f3 {57
moves} 1-0

[Event "European Seniors Teams Ch."]
[Site "Olympus"]
[Date "2011.05.06"]
[Round "4"]
[Board "3"]
[White "Aftsoglou, Ioannis"]
[Black "Ager, Josef"]
[Result "1/2-1/2"]
[WhiteElo "2168"]
[BlackElo "2188"]
[PlyCount "96"]
[EventDate "2011.05.03"]
[EventType "team"]
[EventRounds "9"]
[EventCountry "GRE"]
[WhiteTeam "Greece"]
[BlackTeam "Austria"]

1.c4 Nf6 2.Nc3 g6 3.g3 Bg7 4.Bg2 O-O 5.d3 Nc6 6.e3 a6 7.Nge2 Rb8 8.a4 d6 9.O-O
Bd7 10.Qd2 Na5 11.Ra3 c5 12.Na2 Nc6 13.b4 cxb4 14.Nxb4 Nxb4 15.Qxb4 Bc6 16.Bd2
Nd7 17.d4 Bxg2 18.Kxg2 Qc7 19.Rc1 Rfc8 20.Rb3 b6 21.f3 e6 22.Qa3 Bf8 23.Qa2 Qd8
24.a5 bxa5 25.Bxa5 Qg5 26.Bd2 e5 27.Ra3 Qh5 28.g4 Qh4 29.Ng3 Bg7 30.Rxa6 exd4
31.exd4 Bxd4 32.Rxd6 Rb2 33.Qa5 Nc5 34.Rxd4 Ne6 35.Qc3 Rcb8 36.Qe3 Nxd4 37.Qxd4
Qd8 38.Qxd8+ Rxd8 39.Nf1 Rdxd2+ 40.Nxd2 Rxd2+ 41.Kg3 Kf8 42.Re1 Rc2 43.Re4 f5
44.gxf5 gxf5 45.Rd4 Ke7 46.Rh4 Kf6 47.Rh6+ Kg5 48.Rc6 f4+ 1/2-1/2

[Event "European Seniors Teams Ch."]
[Site "Olympus"]
[Date "2011.05.06"]
[Round "4"]
[Board "4"]
[White "Woeber, Friedrich"]
[Black "Efkarpidis, Stylianos"]
[Result "1-0"]
[WhiteElo "2172"]
[BlackElo "1600"]
[PlyCount "61"]
[EventDate "2011.05.03"]
[EventType "team"]
[EventRounds "9"]
[EventCountry "GRE"]
[WhiteTeam "Austria"]
[BlackTeam "Greece"]

1.e4 e5 2.Bc4 Bc5 3.Nf3 d6 4.c3 Nf6 5.d3 h6 6.Nbd2 O-O 7.O-O c6 8.Bb3 b5 9.d4
exd4 10.cxd4 Bb6 11.e5 dxe5 12.dxe5 Nd5 13.Ne4 Be6 14.Nd4 Qh4 15.Nxe6 fxe6
16.Qc2 a5 17.a4 b4 18.Nd6 Nd7 19.g3 Qh3 20.Nc4 Bd4 21.Be3 Bxe5 22.Qe4 N5f6
23.Qxc6 Ra6 24.Qg2 Qf5 25.Rad1 Kh8 26.Rd2 Re8 27.Rfd1 Nd5 28.Bc2 Nxe3 29.Nxe3
Qf6 30.Rxd7 Rc6 31.Qxc6 1-0

[Event "European Seniors Teams Ch."]
[Site "Olympus"]
[Date "2011.05.06"]
[Round "4"]
[Board "1"]
[White "Byway, Paul V"]
[Black "Einarsson, Arnthor"]
[Result "0-1"]
[WhiteElo "2162"]
[BlackElo "2227"]
[PlyCount "90"]
[EventDate "2011.05.03"]
[EventType "team"]
[EventRounds "9"]
[EventCountry "GRE"]
[WhiteTeam "England 1"]
[BlackTeam "Polar Bears Iceland"]

1.Nf3 c5 2.c4 Nc6 3.g3 Nf6 4.Bg2 d5 5.cxd5 Nxd5 6.Nc3 g6 7.O-O Bg7 8.Nxd5 Qxd5
9.d3 O-O 10.Be3 Qd6 11.Ng5 b6 12.Ne4 Qd7 13.Qc1 Bb7 14.Bh6 Nd4 15.Nc3 Bxg2
16.Kxg2 Qc6+ 17.f3 Bxh6 18.Qxh6 Nf5 19.Qf4 Qe6 20.Rf2 Ne3+ 21.Kg1 f5 22.b3 Rad8
23.Nd1 Nd5 24.Qd2 f4 25.Rc1 g5 26.Rc4 Qd6 27.Qc1 Rf7 28.Rg2 Rg7 29.Qb2 e5 30.Rc1
h5 31.Nf2 Ne3 32.Ne4 Qe7 33.Rf2 a5 34.Nd2 Rd4 35.Nf1 Nf5 36.Rc4 Rd6 37.Rg2 Nd4
38.Kf2 g4 39.Nd2 Rf6 40.Ne4 Rf8 41.Nd2 fxg3+ 42.hxg3 h4 43.Rc1 Qf7 44.gxh4 Nxe2
45.Qxe5 Nxc1 0-1

[Event "European Seniors Teams Ch."]
[Site "Olympus"]
[Date "2011.05.06"]
[Round "4"]
[Board "2"]
[White "Gunnarsson, Gunnar K"]
[Black "James, Geoffrey H"]
[Result "1-0"]
[WhiteElo "2209"]
[BlackElo "2207"]
[PlyCount "45"]
[EventDate "2011.05.03"]
[EventType "team"]
[EventRounds "9"]
[EventCountry "GRE"]
[WhiteTeam "Polar Bears Iceland"]
[BlackTeam "England 1"]

1.e4 e5 2.Nf3 Nc6 3.Bb5 a6 4.Ba4 d6 5.O-O Bd7 6.c3 g6 7.d4 Bg7 8.Re1 Nge7 9.Be3
O-O 10.dxe5 dxe5 11.Nbd2 b6 12.Qe2 h6 13.Rad1 Qc8 14.Nf1 Be6 15.Bc1 Qb7 16.Ne3
Rad8 17.Bb3 Bxb3 18.axb3 Na5 19.Ng4 Nxb3 20.Bxh6 Bxh6 21.Nxh6+ Kg7 22.Rxd8 Rxd8
23.Nxf7 1-0

[Event "European Seniors Teams Ch."]
[Site "Olympus"]
[Date "2011.05.06"]
[Round "4"]
[Board "3"]
[White "Norman, Kenneth I"]
[Black "Finnlaugsson, Gunnar"]
[Result "1/2-1/2"]
[WhiteElo "2188"]
[BlackElo "2075"]
[PlyCount "36"]
[EventDate "2011.05.03"]
[EventType "team"]
[EventRounds "9"]
[EventCountry "GRE"]
[WhiteTeam "England 1"]
[BlackTeam "Polar Bears Iceland"]

1.Nf3 Nf6 2.c4 g6 3.d4 Bg7 4.g3 O-O 5.Bg2 d6 6.Nc3 Nbd7 7.O-O e5 8.e4 c6 9.h3
Qb6 10.d5 Ne8 11.Rb1 a5 12.Be3 Qc7 13.Qe2 h6 14.Nh4 Qd8 15.Rfd1 Qe7 16.Qc2 c5
17.a3 Nc7 18.Re1 Kh7 1/2-1/2

[Event "European Seniors Teams Ch."]
[Site "Olympus"]
[Date "2011.05.06"]
[Round "4"]
[Board "4"]
[White "Kristjansson, Sigurdur"]
[Black "Singleton, Michael P F"]
[Result "0-1"]
[WhiteElo "1945"]
[BlackElo "2162"]
[PlyCount "140"]
[EventDate "2011.05.03"]
[EventType "team"]
[EventRounds "9"]
[EventCountry "GRE"]
[WhiteTeam "Polar Bears Iceland"]
[BlackTeam "England 1"]

1.c4 Nf6 2.Nc3 g6 3.g3 Bg7 4.Bg2 O-O 5.d4 d6 6.Nf3 Nc6 7.O-O Bg4 8.h3 Bxf3
9.Bxf3 Nd7 10.e3 e5 11.Ne2 f5 12.dxe5 dxe5 13.Bxc6 bxc6 14.Qa4 Qf6 15.Rb1 g5
16.Qc2 e4 17.b3 Rf7 18.Bb2 Qh6 19.Kh2 Bxb2 20.Qxb2 Re8 21.Rbd1 Ne5 22.Kg2 Qh5
23.Ng1 f4 24.Qc2 f3+ 25.Kh1 Qg6 26.Rd4 Nd3 27.c5 Qf5 28.b4 Rf6 29.Qc4+ Kh8
30.Rxd3 exd3 31.Rd1 Rd8 32.g4 Qd5 33.Qxd5 Rxd5 34.Rd2 Kg7 35.Kh2 Rf8 36.Kg3 Rb8
37.a3 a5 38.bxa5 Rb3 39.Nxf3 Rxa3 40.Nd4 Kf6 41.Nxc6 Rxc5 42.Nb4 Rcxa5 43.Kf3
Rb3 44.Nxd3 Rd5 45.Ke2 Rdb5 46.Rc2 Rb7 47.Rc6+ Kg7 48.Nc5 R3b6 49.Ne6+ Kf6
50.Nd4+ Rxc6 51.Nxc6 Rb1 52.Kf3 Rh1 53.Kg3 Rc1 54.Nd4 c5 55.Nb3 Rc3 56.Nd2 Rc2
57.Ne4+ Kg6 58.f4 gxf4+ 59.exf4 c4 60.f5+ Kf7 61.g5 c3 62.Kh4 Rc1 63.Nxc3 Rxc3
64.Kg4 Rc4+ 65.Kh5 Rd4 66.h4 Ra4 67.g6+ hxg6+ 68.fxg6+ Kg7 69.Kg5 Ra5+ 70.Kg4
Kxg6 0-1

[Event "European Seniors Teams Ch."]
[Site "Olympus"]
[Date "2011.05.06"]
[Round "4"]
[Board "1"]
[White "Pekun, Cem"]
[Black "Watzka, Horst"]
[Result "1/2-1/2"]
[WhiteElo "2151"]
[BlackElo "2274"]
[PlyCount "30"]
[EventDate "2011.05.03"]
[EventType "team"]
[EventRounds "9"]
[EventCountry "GRE"]
[WhiteTeam "Turkey"]
[BlackTeam "Steiermark, Austria"]

1.e4 c5 2.Nf3 e6 3.d4 cxd4 4.Nxd4 a6 5.Nc3 Qc7 6.Bd3 Nf6 7.O-O d6 8.a4 b6 9.Kh1
Bb7 10.Qf3 Nbd7 11.Qg3 g6 12.f4 Bg7 13.f5 e5 14.Nf3 O-O 15.Qh4 Rad8 1/2-1/2

[Event "European Seniors Teams Ch."]
[Site "Olympus"]
[Date "2011.05.06"]
[Round "4"]
[Board "2"]
[White "Kratschmer, Heinz"]
[Black "Muratoglu, Salih"]
[Result "1-0"]
[WhiteElo "2177"]
[BlackElo "2068"]
[PlyCount "115"]
[EventDate "2011.05.03"]
[EventType "team"]
[EventRounds "9"]
[EventCountry "GRE"]
[WhiteTeam "Steiermark, Austria"]
[BlackTeam "Turkey"]

1.d4 Nf6 2.Nf3 g6 3.Nc3 Bg7 4.e4 d6 5.Be2 Nc6 6.d5 Nb8 7.Bg5 c6 8.O-O h6 9.Be3
O-O 10.Qd2 Kh7 11.Rad1 Bg4 12.h3 Bxf3 13.Bxf3 Nbd7 14.Rfe1 c5 15.g3 a6 16.a4 Qa5
17.Qe2 Rfb8 18.Ra1 Ne8 19.Bd2 Qc7 20.Bg2 Bd4 21.Nd1 c4 22.Bc3 Bc5 23.a5 b5
24.axb6 Bxb6 25.Ne3 Rc8 26.Kh1 a5 27.f4 a4 28.Ng4 h5 29.Nh2 Qc5 30.Nf3 Qf2
31.Kh2 Qxe2 32.Rxe2 f6 33.e5 dxe5 34.fxe5 Ra7 35.Rae1 Bc5 36.exf6 Ndxf6 37.Ng5+
Kg8 38.Ne6 Bd6 39.Be5 a3 40.bxa3 Rxa3 41.Nd4 Bc5 42.Nc6 Kf7 43.Bf4 Ng8 44.Ne5+
Kg7 45.Be4 Nef6 46.Bxg6 Nxd5 47.Bf5 Rf8 48.Be6 Nxf4 49.gxf4 Bd6 50.Rg1+ Kh7
51.Bxc4 Bxe5 52.Rxe5 Nf6 53.Rxe7+ Kh6 54.f5 Ng4+ 55.hxg4 hxg4 56.Bd3 Rc8 57.Re6+
Kh5 58.Kg3 1-0

[Event "European Seniors Teams Ch."]
[Site "Olympus"]
[Date "2011.05.06"]
[Round "4"]
[Board "3"]
[White "Ozbilen, Hayri"]
[Black "Nickl, Klaus"]
[Result "0-1"]
[WhiteElo "2059"]
[BlackElo "2149"]
[PlyCount "96"]
[EventDate "2011.05.03"]
[EventType "team"]
[EventRounds "9"]
[EventCountry "GRE"]
[WhiteTeam "Turkey"]
[BlackTeam "Steiermark, Austria"]

1.e4 e5 2.Nf3 Nc6 3.Bb5 a6 4.Ba4 b5 5.Bb3 Na5 6.Nc3 d6 7.h3 Nxb3 8.axb3 Bb7 9.d3
g6 10.Be3 Bg7 11.O-O Ne7 12.Qd2 c5 13.Bh6 O-O 14.Nh2 f5 15.Bg5 Bf6 16.f3 b4
17.Bxf6 Rxf6 18.Na4 f4 19.c3 a5 20.d4 cxd4 21.cxd4 Nc6 22.Ng4 Rf8 23.dxe5 dxe5
24.Rad1 Qxd2 25.Rxd2 h5 26.Rd7 hxg4 27.Rxb7 gxh3 28.gxh3 Nd4 29.Nb6 Rab8 30.Rxb8
Rxb8 31.Nd7 Rb5 32.Kf2 Nxb3 33.Rd1 a4 34.Nf6+ Kf7 35.Nd5 a3 36.Nxb4 Rxb4 37.bxa3
Ra4 38.Rd5 Ke6 39.Rb5 Rxa3 40.Rb6+ Kf7 41.Rb5 Nd4 42.Rxe5 Rxf3+ 43.Kg2 Rg3+
44.Kf2 Rxh3 45.Rd5 Rh2+ 46.Kf1 Nf3 47.Rd7+ Ke6 48.Ra7 g5 0-1

[Event "European Seniors Teams Ch."]
[Site "Olympus"]
[Date "2011.05.06"]
[Round "4"]
[Board "4"]
[White "Pitzl, Konstantinos"]
[Black "Bapoglu, Ibrahim"]
[Result "1-0"]
[WhiteElo "2095"]
[BlackElo "1828"]
[PlyCount "105"]
[EventDate "2011.05.03"]
[EventType "team"]
[EventRounds "9"]
[EventCountry "GRE"]
[WhiteTeam "Steiermark, Austria"]
[BlackTeam "Turkey"]

1.Nf3 Nf6 2.g3 g6 3.Bg2 Bg7 4.d3 O-O 5.e4 d6 6.h3 Nc6 7.c3 Bd7 8.O-O e5 9.Be3
Qc8 10.Kh2 Nh5 11.Nh4 Rb8 12.b4 a6 13.Nd2 Ne7 14.a4 f5 15.Bg5 Bf6 16.Bxf6 Rxf6
17.exf5 Nxf5 18.Nxf5 Bxf5 19.g4 Nf4 20.gxf5 Nxg2 21.Kxg2 Qxf5 22.Ne4 Rf7 23.Qg4
Rbf8 24.c4 h5 25.Qxf5 gxf5 26.Ng5 Rf6 27.h4 e4 28.dxe4 fxe4 29.Rae1 e3 30.Rxe3
Rf4 31.Ne6 Rxc4 32.Rg3+ Kf7 33.Nxf8 Kxf8 34.f4 Rxb4 35.Rg5 Rxa4 36.Rxh5 Rc4
37.Rg5 b5 38.h5 Re4 39.h6 Re7 40.Rh1 Rh7 41.Kf3 Kf7 42.f5 Kf6 43.Kf4 a5 44.Rg6+
Kf7 45.Kg5 a4 46.f6 Ke6 47.Rg7 Rh8 48.h7 a3 49.Rg8 Rxh7 50.Rxh7 b4 51.f7 a2
52.Ra8 b3 53.f8=Q 1-0

[Event "European Seniors Teams Ch."]
[Site "Olympus"]
[Date "2011.05.06"]
[Round "4"]
[Board "1"]
[White "Titz, Heimo"]
[Black "Schneider, Karl-Heinz"]
[Result "1-0"]
[WhiteElo "2183"]
[BlackElo "1928"]
[PlyCount "97"]
[EventDate "2011.05.03"]
[EventType "team"]
[EventRounds "9"]
[EventCountry "GRE"]
[WhiteTeam "Niederoesterreich"]
[BlackTeam "Stiftung BSW DBAG II"]

1.c4 c5 2.Nc3 Nc6 3.g3 Nf6 4.Bg2 g6 5.Nf3 Bg7 6.d4 cxd4 7.Nxd4 O-O 8.O-O e6
9.Nc2 Ne7 10.e4 d6 11.Qe2 Ne8 12.Rd1 Bd7 13.Bd2 Rc8 14.Rac1 Nc6 15.Be3 b6 16.Nd4
Ne5 17.b3 a6 18.f4 Nc6 19.Nxc6 Bxc6 20.Qf2 b5 21.c5 b4 22.Ne2 d5 23.Nd4 Nf6
24.Nxc6 Rxc6 25.Bd4 dxe4 26.Qe2 Qa5 27.Qb2 Nh5 28.Bxe4 Rcc8 29.Bxg7 Nxg7 30.Qf2
Rc7 31.Rc4 Rfc8 32.Rdc1 Ne8 33.R1c2 h5 34.Qd4 Kh7 35.Kg2 Rb8 36.Qd2 Ng7 37.a4
Rbc8 38.Qd6 Rb8 39.Rd2 Nf5 40.Bxf5 exf5 41.Re2 Rbc8 42.Qb6 Qxb6 43.cxb6 Rxc4
44.bxc4 a5 45.Re5 Rb8 46.Rb5 Kg7 47.c5 Kf6 48.c6 Ke7 49.c7 1-0

[Event "European Seniors Teams Ch."]
[Site "Olympus"]
[Date "2011.05.06"]
[Round "4"]
[Board "2"]
[White "Baumgarten, Werner"]
[Black "Winiwarter, Felix"]
[Result "1-0"]
[WhiteElo "1600"]
[BlackElo "2167"]
[PlyCount "78"]
[EventDate "2011.05.03"]
[EventType "team"]
[EventRounds "9"]
[EventCountry "GRE"]
[WhiteTeam "Stiftung BSW DBAG II"]
[BlackTeam "Niederoesterreich"]

1.c4 Nf6 2.d4 c5 3.d5 e6 4.Nc3 exd5 5.cxd5 d6 6.e4 g6 7.Bg5 Bg7 8.f3 O-O 9.Qd2
Re8 10.Bd3 a6 11.a4 Nbd7 12.Nge2 Ne5 13.Bc2 Rb8 14.Rb1 b5 15.axb5 axb5 16.b3 b4
17.Nd1 Ra8 18.O-O Ra2 19.Nc1 Ra7 20.Nd3 Nxd3 21.Bxd3 Bd7 22.Qf4 Nh5 23.Qh4 Bd4+
24.Kh1 Qb6 25.g4 Ng7 26.Bf6 Bxf6 27.Qxf6 Ra2 28.Rb2 Rea8 29.Ne3 Ne8 30.Rxa2 Rxa2
31.Qf4 Qa7 32.e5 Ra1 33.exd6 Rxf1+ 34.Nxf1 Qb6 35.Ne3 Qxd6 36.Qc4 Nf6 37.g5 Nh5
38.Ng4 Bxg4 39.fxg4 Nf4 1-0

[Event "European Seniors Teams Ch."]
[Site "Olympus"]
[Date "2011.05.06"]
[Round "4"]
[Board "3"]
[White "Weinwurm, Wolfgang"]
[Black "Neudel, Bernd"]
[Result "1-0"]
[WhiteElo "2190"]
[BlackElo "1948"]
[PlyCount "49"]
[EventDate "2011.05.03"]
[EventType "team"]
[EventRounds "9"]
[EventCountry "GRE"]
[WhiteTeam "Niederoesterreich"]
[BlackTeam "Stiftung BSW DBAG II"]

1.e4 c5 2.Nf3 Nc6 3.d4 cxd4 4.Nxd4 e6 5.Nc3 d6 6.Be3 Nf6 7.Be2 a6 8.Qd2 Qc7 9.f3
Ne5 10.g4 Nc4 11.Bxc4 Qxc4 12.g5 Nd7 13.O-O-O b5 14.Kb1 Bb7 15.Rhe1 b4 16.Na4 a5
17.b3 Qc8 18.Nb5 Ra6 19.Rc1 Be7 20.c3 Nc5 21.cxb4 axb4 22.Qxb4 Qd7 23.Nxd6+ Bxd6
24.Bxc5 Bf4 25.Red1 1-0

[Event "European Seniors Teams Ch."]
[Site "Olympus"]
[Date "2011.05.06"]
[Round "4"]
[Board "4"]
[White "Hasivar, Hans"]
[Black "Strobel, Ferdinand"]
[Result "0-1"]
[WhiteElo "1600"]
[BlackElo "2128"]
[PlyCount "58"]
[EventDate "2011.05.03"]
[EventType "team"]
[EventRounds "9"]
[EventCountry "GRE"]
[WhiteTeam "Stiftung BSW DBAG II"]
[BlackTeam "Niederoesterreich"]

1.e4 d6 2.Nf3 g6 3.Bc4 Nf6 4.Nc3 Bg7 5.h3 O-O 6.O-O Nxe4 7.Nxe4 d5 8.Bxd5 Qxd5
9.d3 c5 10.Nc3 Qd8 11.Re1 Nc6 12.Be3 b6 13.Qd2 Re8 14.Bh6 Bh8 15.Rab1 e5 16.Ne4
f6 17.Be3 Be6 18.b3 Qd7 19.Ng3 Rad8 20.Qc1 Nb4 21.a3 Nd5 22.Bd2 Bg7 23.Bh6 Nc7
24.Ra1 Bd5 25.Nh2 Bh8 26.Bd2 Nb5 27.a4 Nd4 28.Be3 Ne6 29.f3 f5 {37 moves} 0-1

[Event "European Seniors Teams Ch."]
[Site "Olympus"]
[Date "2011.05.06"]
[Round "4"]
[Board "1"]
[White "Macdonald-Ross, Michael"]
[Black "Blaushtain, Boris"]
[Result "1/2-1/2"]
[WhiteElo "2157"]
[BlackElo "2115"]
[PlyCount "91"]
[EventDate "2011.05.03"]
[EventType "team"]
[EventRounds "9"]
[EventCountry "GRE"]
[WhiteTeam "England 2"]
[BlackTeam "Israel 2"]

1.d4 Nf6 2.Nf3 d5 3.c4 e6 4.g3 Nbd7 5.Bg2 c6 6.Qc2 Bd6 7.O-O O-O 8.Nbd2 h6 9.b3
e5 10.cxd5 Nxd5 11.Nc4 Qe7 12.dxe5 Nxe5 13.Nfxe5 Bxe5 14.Ba3 Qf6 15.Nxe5 Qxe5
16.Bxf8 Kxf8 17.Qc5+ Qe7 18.Qxe7+ Nxe7 19.Rfd1 Be6 20.Rd2 a5 21.Rad1 Ke8 22.e4
f6 23.f4 g6 24.Rd6 Kf7 25.Rd8 Ra7 26.Bf3 a4 27.R1d3 axb3 28.axb3 Ra1+ 29.Bd1 c5
30.Kf2 Nc6 31.R8d6 Ra2+ 32.Rd2 Ra3 33.g4 Nd4 34.f5 gxf5 35.gxf5 Bc8 36.Rd8 Ra8
37.Rd3 Ke7 38.Rh8 Kd6 39.Rg3 Ra2+ 40.Ke3 Bd7 41.Rxh6 Ke5 42.Rg7 Bc6 43.Re7+ Kd6
44.Rf7 Ke5 45.Re7+ Kd6 46.Rf7 1/2-1/2

[Event "European Seniors Teams Ch."]
[Site "Olympus"]
[Date "2011.05.06"]
[Round "4"]
[Board "2"]
[White "Har-Even, Abir"]
[Black "Ashby, Anthony C"]
[Result "1-0"]
[WhiteElo "2062"]
[BlackElo "2151"]
[PlyCount "105"]
[EventDate "2011.05.03"]
[EventType "team"]
[EventRounds "9"]
[EventCountry "GRE"]
[WhiteTeam "Israel 2"]
[BlackTeam "England 2"]

1.e4 e6 2.d3 c5 3.g3 g6 4.Bg2 Bg7 5.Nc3 Ne7 6.Nge2 Nbc6 7.O-O O-O 8.Be3 Nd4
9.Qd2 d6 10.Nd1 Rb8 11.c3 Nxe2+ 12.Qxe2 b5 13.d4 Qc7 14.f4 c4 15.g4 f5 16.gxf5
exf5 17.e5 Bb7 18.Bxb7 Rxb7 19.Bf2 dxe5 20.dxe5 Rd8 21.Bh4 Qb6+ 22.Nf2 g5
23.Bxg5 Qg6 24.Qf3 Rdd7 25.Kh1 Qb6 26.Bxe7 Rxe7 27.Rad1 Rbd7 28.Rd5 Qb7 29.Rfd1
Bh6 30.Nh3 Qc6 31.Rg1+ Rg7 32.Rxg7+ Bxg7 33.Rd3 Qxf3+ 34.Rxf3 Rd3 35.Kg2 Rxf3
36.Kxf3 h6 37.Ke3 Kf7 38.Ng1 Bf8 39.Kd4 Ke6 40.Nf3 Be7 41.h3 a6 42.a4 Bf8
43.axb5 axb5 44.Ne1 Be7 45.Nc2 Bh4 46.Ke3 Kd5 47.Nd4 b4 48.cxb4 Bd8 49.Nxf5 h5
50.Kf3 Bb6 51.Ne3+ Kd4 52.e6 Bd8 53.e7 1-0

[Event "European Seniors Teams Ch."]
[Site "Olympus"]
[Date "2011.05.06"]
[Round "4"]
[Board "3"]
[White "Reuben, Stewart"]
[Black "Ben-Zeev, Moshe"]
[Result "1-0"]
[WhiteElo "2140"]
[BlackElo "2006"]
[PlyCount "67"]
[EventDate "2011.05.03"]
[EventType "team"]
[EventRounds "9"]
[EventCountry "GRE"]
[WhiteTeam "England 2"]
[BlackTeam "Israel 2"]

1.c4 c5 2.Nc3 Nf6 3.g3 d6 4.Bg2 Nc6 5.d3 g6 6.a3 Bg7 7.Rb1 O-O 8.b4 cxb4 9.axb4
Qc7 10.Nf3 Bg4 11.Be3 Qd7 12.h3 Be6 13.b5 Nd8 14.Nd4 Nh5 15.Qd2 f5 16.Nxe6 Nxe6
17.Nd5 Nf6 18.O-O Kh8 19.Rfc1 Nxd5 20.cxd5 Nd4 21.b6 axb6 22.Rc4 e5 23.dxe6 Nxe6
24.Rxb6 Rab8 25.Rcb4 d5 26.R6b5 d4 27.Bh6 b6 28.Rxb6 Rxb6 29.Rxb6 Nd8 30.Bxg7+
Qxg7 31.Qb2 Nf7 32.Rb7 Qe5 33.Rd7 Kg7 34.Qxd4 1-0

[Event "European Seniors Teams Ch."]
[Site "Olympus"]
[Date "2011.05.06"]
[Round "4"]
[Board "4"]
[White "Rave, Avraham"]
[Black "Scholes, James E"]
[Result "1/2-1/2"]
[WhiteElo "1865"]
[BlackElo "2110"]
[PlyCount "32"]
[EventDate "2011.05.03"]
[EventType "team"]
[EventRounds "9"]
[EventCountry "GRE"]
[WhiteTeam "Israel 2"]
[BlackTeam "England 2"]

1.Nf3 c5 2.c3 e6 3.d4 d5 4.Bf4 Bd6 5.Bg3 Nf6 6.Nbd2 Nc6 7.e3 a6 8.Ne5 Bxe5
9.dxe5 Nd7 10.Qg4 Kf8 11.f4 f5 12.exf6 Nxf6 13.Qd1 Kf7 14.Bd3 Rf8 15.Bf2 e5
16.O-O e4 1/2-1/2

[Event "European Seniors Teams Ch."]
[Site "Olympus"]
[Date "2011.05.07"]
[Round "5"]
[Board "1"]
[White "Sorensen, Bent"]
[Black "Vasiukov, Evgeni"]
[Result "1/2-1/2"]
[WhiteElo "2343"]
[BlackElo "2480"]
[PlyCount "132"]
[EventDate "2011.05.03"]
[EventType "team"]
[EventRounds "9"]
[EventCountry "GRE"]
[WhiteTeam "Denmark 1"]
[BlackTeam "Russia"]

1.Nf3 Nf6 2.g3 d5 3.Bg2 c6 4.b3 a5 5.a3 Bf5 6.d3 e6 7.Bb2 h6 8.Nbd2 Bh7 9.O-O
Be7 10.e4 O-O 11.Qe2 b5 12.Kh1 b4 13.a4 Qb6 14.Ng1 Bc5 15.Nh3 Bd4 16.Bxd4 Qxd4
17.e5 Nfd7 18.Rae1 Na6 19.Nf4 Rae8 20.Nf3 Qb6 21.g4 Qd8 22.Rg1 Nab8 23.Bh3 g5
24.Nh5 c5 25.Bf1 Nc6 26.h4 Kh8 27.hxg5 hxg5 28.Rg2 Rg8 29.Rh2 Qe7 30.Qd2 f6
31.d4 fxe5 32.dxe5 Ref8 33.Bb5 Rxf3 34.Bxc6 Nf8 35.Kg2 Rc3 36.Nf6 Rg6 37.Re3
Rxf6 38.exf6 Qxf6 39.Be8 Qf4 40.Qe2 Rxe3 41.fxe3 Qe4+ 42.Qf3 Kg7 43.Qxe4 Bxe4+
44.Kg3 Ng6 45.Bxg6 Kxg6 46.Rf2 c4 47.Kh2 c3 48.Kg1 e5 49.Kf1 d4 50.exd4 exd4
51.Ke1 d3 52.cxd3 Bd5 53.Kd1 Bxb3+ 54.Kc1 Be6 55.Rf8 Bxg4 56.Ra8 Be6 57.Rxa5 g4
58.Re5 Kf6 59.Re3 b3 60.a5 Bc8 61.Re8 Ba6 62.Re3 Bc8 63.a6 Bxa6 64.d4 b2+ 65.Kc2
Kf5 66.Rxc3 Ke4 1/2-1/2

[Event "European Seniors Teams Ch."]
[Site "Olympus"]
[Date "2011.05.07"]
[Round "5"]
[Board "2"]
[White "Shvedchikov, Anatoli I"]
[Black "Sloth, Jorn"]
[Result "1/2-1/2"]
[WhiteElo "2412"]
[BlackElo "2310"]
[PlyCount "48"]
[EventDate "2011.05.03"]
[EventType "team"]
[EventRounds "9"]
[EventCountry "GRE"]
[WhiteTeam "Russia"]
[BlackTeam "Denmark 1"]

1.Nf3 Nf6 2.d4 e6 3.e3 g6 4.Be2 Bg7 5.O-O b6 6.b3 Bb7 7.Bb2 O-O 8.c4 Ne4 9.Nbd2
d6 10.Nxe4 Bxe4 11.Bd3 Bxd3 12.Qxd3 Nc6 13.Rfd1 Qd7 14.Qe2 d5 15.cxd5 exd5
16.Rac1 Rfc8 17.Ne1 Nd8 18.Nd3 c6 19.Rc2 a5 20.a4 Ne6 21.Qd2 Qb7 22.Rdc1 h5
23.h3 Bf8 24.Ne5 c5 1/2-1/2

[Event "European Seniors Teams Ch."]
[Site "Olympus"]
[Date "2011.05.07"]
[Round "5"]
[Board "3"]
[White "Brinck-Claussen, Bjorn"]
[Black "Pushkov, Nikolai"]
[Result "0-1"]
[WhiteElo "2271"]
[BlackElo "2406"]
[PlyCount "50"]
[EventDate "2011.05.03"]
[EventType "team"]
[EventRounds "9"]
[EventCountry "GRE"]
[WhiteTeam "Denmark 1"]
[BlackTeam "Russia"]

1.e4 e6 2.d4 d5 3.Nd2 c5 4.Ngf3 cxd4 5.exd5 Qxd5 6.Bc4 Qd6 7.O-O Nf6 8.Nb3 Nc6
9.Nbxd4 Nxd4 10.Nxd4 a6 11.Re1 Bd7 12.c3 Qc7 13.Qe2 O-O-O 14.a4 Kb8 15.Bg5 Bd6
16.Nb5 axb5 17.axb5 Nd5 18.Bxd5 exd5 19.Be3 Qc4 20.Qxc4 dxc4 21.b6 Bc6 22.Ra5
Rhe8 23.Rea1 Kc8 24.Bc5 Bxc5 25.Rxc5 Re4 0-1

[Event "European Seniors Teams Ch."]
[Site "Olympus"]
[Date "2011.05.07"]
[Round "5"]
[Board "4"]
[White "Mishuchkov, Nikolai M"]
[Black "Jorgensen, Jorgen"]
[Result "1-0"]
[WhiteElo "2403"]
[BlackElo "2221"]
[PlyCount "71"]
[EventDate "2011.05.03"]
[EventType "team"]
[EventRounds "9"]
[EventCountry "GRE"]
[WhiteTeam "Russia"]
[BlackTeam "Denmark 1"]

1.Nf3 f5 2.g3 Nf6 3.Bg2 g6 4.d4 Bg7 5.O-O O-O 6.c4 d6 7.Nc3 c6 8.Rb1 a5 9.d5 e5
10.dxe6 Bxe6 11.b3 Na6 12.Bf4 Nh5 13.Bg5 Qc7 14.Nd4 Rae8 15.Qd2 Bc8 16.e4 f4
17.Bxf4 Nxf4 18.gxf4 Bh6 19.Nde2 Nc5 20.Rbd1 Rd8 21.Qc2 Ne6 22.f5 gxf5 23.exf5
Nf4 24.Nxf4 Bxf4 25.Be4 Qg7+ 26.Kh1 Qh6 27.f3 Be3 28.Ne2 Rf6 29.f4 Kf7 30.Rf3
Bc5 31.Qd3 Rg8 32.Rh3 Qg7 33.Rg3 Qf8 34.Bd5+ cxd5 35.Qxd5+ Be6 36.fxe6+ 1-0

[Event "European Seniors Teams Ch."]
[Site "Olympus"]
[Date "2011.05.07"]
[Round "5"]
[Board "1"]
[White "Ivanovic, Bozidar"]
[Black "Tatai, Stefano"]
[Result "1-0"]
[WhiteElo "2409"]
[BlackElo "2361"]
[PlyCount "43"]
[EventDate "2011.05.03"]
[EventType "team"]
[EventRounds "9"]
[EventCountry "GRE"]
[WhiteTeam "Montenegro"]
[BlackTeam "Italy"]

1.e4 c5 2.Nf3 d6 3.d4 cxd4 4.Nxd4 Nf6 5.Nc3 a6 6.Bg5 e6 7.Qf3 h6 8.Bh4 Nbd7
9.O-O-O Qc7 10.Be2 Be7 11.Rhe1 O-O 12.g4 Ne5 13.Qg2 Nfxg4 14.Bxe7 Qxe7 15.Rg1 f5
16.exf5 exf5 17.Nd5 Qf7 18.f4 Nc6 19.h3 Nxd4 20.Rxd4 Nf6 21.Nxf6+ Qxf6 22.Rxd6 1-0

[Event "European Seniors Teams Ch."]
[Site "Olympus"]
[Date "2011.05.07"]
[Round "5"]
[Board "2"]
[White "Mariotti, Sergio"]
[Black "Zivkovic, Ljubo"]
[Result "1/2-1/2"]
[WhiteElo "2329"]
[BlackElo "2270"]
[PlyCount "32"]
[EventDate "2011.05.03"]
[EventType "team"]
[EventRounds "9"]
[EventCountry "GRE"]
[WhiteTeam "Italy"]
[BlackTeam "Montenegro"]

1.e4 c5 2.Nf3 Nc6 3.d4 cxd4 4.Nxd4 Nf6 5.Nc3 d6 6.Be2 e5 7.Nb3 h6 8.Be3 Be7 9.f3
Be6 10.Qd2 a6 11.O-O-O Na5 12.Nxa5 Qxa5 13.Kb1 Rc8 14.Nd5 Qxd2 15.Nxf6+ Bxf6
16.Rxd2 Be7 1/2-1/2